zpět

Detail výsledku týmu

Kozlovna S-klub, Olomouc

Datum a čas kvízu

32.5 Celkem bodů Celkový počet nahraných bodů na tomto kvízu bez doplňovacích otázek.
7. Pořadí na kvízu Konečné umístění týmu na tomto kvízu.

Zaznamenané odpovědi

# Otázka Odpověď Body Výsledky
1. Napište čtyři slova, jimiž něk... Společnost pro podporu Ukrajiny 1
2. Která velká evropská země schv... Francie 1
3. Lístek na premiéru tohoto film... Melania 1
4. Tým španělských vědců vedený D... slinivky 1
5. Ve kterém evropském státě nabí... ve Španělsku 0
6. Na obrázku níže můžete vidět d... Drákula a Frankenstein 0.5
7. Co by to bylo za hororové téma... C 0
8. Ze které (převážně videoherní)... Silent Hill 0
9. Michael Myers, zabiják ze séri... A 1
10. Čím je inspirován česko-americ... D 1